Desarrollo Urbano y Movilidad en América Latina / (Registro nro. 6153)
[ vista simple ]
| 000 -LEADER | |
|---|---|
| fixed length control field | 01145nam a2200253Ia 4500 |
| 003 - CONTROL NUMBER IDENTIFIER | |
| control field | OSt |
| 005 - DATE AND TIME OF LATEST TRANSACTION | |
| control field | 20210210171726.0 |
| 008 - FIXED-LENGTH DATA ELEMENTS--GENERAL INFORMATION | |
| fixed length control field | 191128t2011 ag adb gr 000 0 spa d |
| 020 ## - INTERNATIONAL STANDARD BOOK NUMBER | |
| International Standard Book Number | 9789806810556 |
| 040 ## - CATALOGING SOURCE | |
| Original cataloging agency | CO-JMCR |
| Transcribing agency | CO-JMCR |
| 041 0# - LANGUAGE CODE | |
| Language code of text/sound track or separate title | spa |
| 082 04 - DEWEY DECIMAL CLASSIFICATION NUMBER | |
| Classification number | 711.4 / |
| Item number | B213d |
| Edition number | 23 |
| 110 2# - MAIN ENTRY--CORPORATE NAME | |
| Corporate name or jurisdiction name as entry element | Banco de Desarrollo de América Latina |
| 9 (RLIN) | 6178 |
| 245 10 - TITLE STATEMENT | |
| Title | Desarrollo Urbano y Movilidad en América Latina / |
| Statement of responsibility, etc. | Banco de Desarrollo de América Latina |
| 260 ## - PUBLICATION, DISTRIBUTION, ETC. | |
| Place of publication, distribution, etc. | Buenos Aires : |
| Name of publisher, distributor, etc. | Corporación Andina de Fomento, |
| Date of publication, distribution, etc. | ©2011 |
| 300 ## - PHYSICAL DESCRIPTION | |
| Extent | 324 páginas : |
| Other physical details | ilustraciones, gráficos y mapas a color ; |
| Dimensions | 28 cm. |
| 504 ## - BIBLIOGRAPHY, ETC. NOTE | |
| Bibliography, etc. note | Bibliografía: páginas 317-324 |
| 505 0# - FORMATTED CONTENTS NOTE | |
| Formatted contents note | Buenos Aires -- Bello Horizonte -- Curitiba -- Porto Alegre -- Rio de Janeiro -- Sáo Paulo -- Santiago -- Bogotá -- San José -- Ciudad de México -- Guadalajara -- León -- Lima -- Montevideo -- Caracas -- Movilidad en las áreas metropolitanas de América |
| 650 14 - SUBJECT ADDED ENTRY--TOPICAL TERM | |
| Topical term or geographic name entry element | Urbanismo |
| Geographic subdivision | América Latina |
| 9 (RLIN) | 13278 |
| 650 24 - SUBJECT ADDED ENTRY--TOPICAL TERM | |
| Topical term or geographic name entry element | Movilidad urbana |
| Geographic subdivision | América Latina |
| 9 (RLIN) | 13279 |
| 650 24 - SUBJECT ADDED ENTRY--TOPICAL TERM | |
| Topical term or geographic name entry element | Movilidad urbana |
| Geographic subdivision | Colombia |
| 9 (RLIN) | 13280 |
| 650 24 - SUBJECT ADDED ENTRY--TOPICAL TERM | |
| Topical term or geographic name entry element | Urbanismo |
| Geographic subdivision | Colombia |
| 9 (RLIN) | 13281 |
| 942 ## - ADDED ENTRY ELEMENTS (KOHA) | |
| Source of classification or shelving scheme | Dewey Decimal Classification |
| Koha item type | Books |
| Withdrawn status | Lost status | Source of classification or shelving scheme | Damaged status | Not for loan | Collection code | Home library | Current library | Date acquired | Source of acquisition | Full call number | Barcode | Date last seen | Copy number | Koha item type |
|---|---|---|---|---|---|---|---|---|---|---|---|---|---|---|
| Dewey Decimal Classification | Non-fiction | Biblioteca Pública José María del Castillo y Rada | Biblioteca Pública José María del Castillo y Rada | 04/15/2018 | Donación | 711.4 / B213d | 430012196 | 05/16/2024 | Ej.1 | Books |